| 000 | 00695cam a2200157ua 4500 | ||
|---|---|---|---|
| 041 |
_aeng _h |
||
| 082 |
_a621.879 _bIND/GL |
||
| 110 | 1 |
_aIndian standards Institution . _b _c() |
|
| 245 | 0 | 0 |
_aGlossery of terms and clarfication of Earth-Moving machinery / _cIndian standards Institution. _hTextual Documents |
| 250 |
_a1 / _b. |
||
| 260 |
_aNew Delhi : _bIndian standards Institution , _c1970. |
||
| 300 | _a8 ; . | ||
| 504 | _a | ||
| 942 | _cBK | ||
| 999 |
_c3060 _d3060 |
||